Aluminium design and construction (Record no. 31058)

000 -LEADER
fixed length control field 00527nam a22002054a 4500
001 - CONTROL NUMBER
control field 31058
003 - CONTROL NUMBER IDENTIFIER
control field BD-DhUET
008 - FIXED-LENGTH DATA ELEMENTS--GENERAL INFORMATION
fixed length control field 980805s1999 enka b 001 0 eng
020 ## - INTERNATIONAL STANDARD BOOK NUMBER
International Standard Book Number 0419157107
040 ## - CATALOGING SOURCE
Original cataloging agency DLC
Transcribing agency DLC
Modifying agency BD-DhUET
082 00 - DEWEY DECIMAL CLASSIFICATION NUMBER
Classification number 624.182
Item number DWI/1999
100 1# - MAIN ENTRY--PERSONAL NAME
Personal name Dwight, John
245 10 - TITLE STATEMENT
Title Aluminium design and construction
250 ## - EDITION STATEMENT
Edition statement 1st ed.
260 ## - PUBLICATION, DISTRIBUTION, ETC. (IMPRINT)
Place of publication, distribution, etc. New York
Name of publisher, distributor, etc. E & FN Spon
Date of publication, distribution, etc. 1999
300 ## - PHYSICAL DESCRIPTION
Extent xviii, 295p.
Other physical details ill.
504 ## - BIBLIOGRAPHY, ETC. NOTE
Bibliography, etc Includes bibliographies
650 #0 - SUBJECT ADDED ENTRY--TOPICAL TERM
Topical term or geographic name as entry element Aluminium structural
942 ## - ADDED ENTRY ELEMENTS (KOHA)
Koha item type General Book
Holdings
Koha item type Damaged status Lost status Not for loan Location (home branch) Koha normalized classification for sorting Koha date last seen Shelving location Price effective from Copy number Date acquired Sublocation or collection (holding branch) Piece designation (barcode) Withdrawn status Source of classification or shelving scheme Koha full call number
Reading Item   Central Library, BUET624_182000000000000_DWI_19992015-06-28Reading section2015-06-2812015-06-28Central Library, BUET94144  624.182/DWI/1999